000 00333nam a2200133Ia 4500
008 240624s9999 xx 000 0 und d
041 _aeng
082 _a920 KAM
100 _aKAMATH M V
245 _aNARENDRA MODI THE ARCHITECT OF A MODERN
260 _c2009
_aNew Delhi
_bRupa and Company
300 _a312 : p.
365 _cRS
_b25
999 _c17616
_d17616